Against All Enemies : Gulf War Syndrome : The War between America's Ailing Veterans and Their Government /
Investigación del multigalardonado periodista Seymour M. Hersh en torno a las consecuencias de la Guerra del Golfo Pérsico (1991) para cerca del noventa por ciento de los más de diez mil veteranos de guerra norteamericanos que acudieron a revisiones médicas: víctimas del fuego amigo, como si hubiese...
Guardado en:
| Autor principal: | |
|---|---|
| Formato: | Libro |
| Idioma: | Inglés |
| Publicado: |
Nueva York, EUA :
Ballantine Books,
1998, c1998
|
| Colección: | (The Library of Contemporary Thought)
|
| Temas: | |
| Etiquetas: |
Sin etiquetas, Sé el primero en etiquetar este registro!
|
MARC
| LEADER | 00000nam^a2200000^a^4500 | ||
|---|---|---|---|
| 001 | 000182974 | ||
| 005 | 20250521000000.0 | ||
| 009 | 20260310102024.477 | ||
| 020 | |a 0-345-42748-3 | ||
| 037 | |a Acervo ITESO - Biblioteca | ||
| 041 | |a ING | ||
| 082 | |a 362. 860973 |b HER | ||
| 100 | |a Hersh, Seymour M. |e (autor) | ||
| 245 | 1 | 0 | |a Against All Enemies : |b Gulf War Syndrome : The War between America's Ailing Veterans and Their Government / |c S.M. Hersh. |
| 264 | 4 | |a Nueva York, EUA : |b Ballantine Books, |c 1998, c1998 | |
| 300 | |a 103 p. | ||
| 336 | |a texto |b txt |2 rdacontenido | ||
| 337 | |a sin mediación |b n |2 rdamedio | ||
| 338 | |a volumen |b nc |2 rdasoporte | ||
| 440 | 5 | |a (The Library of Contemporary Thought) | |
| 520 | |a Investigación del multigalardonado periodista Seymour M. Hersh en torno a las consecuencias de la Guerra del Golfo Pérsico (1991) para cerca del noventa por ciento de los más de diez mil veteranos de guerra norteamericanos que acudieron a revisiones médicas: víctimas del fuego amigo, como si hubiesen recibido disparos de sus propios correligionarios, los antiguos combatientes demuestran que la Guerra del Golfo tuvo un costo mucho mayor para Estados Unidos del que el Pentágono y sus líderes de entonces han querido reconocer. | ||
| 649 | |a XX | ||
| 650 | |a Veteranos de Guerra Norteamericanos - |x Beneficios | ||
| 650 | |a Veteranos de Guerra Norteamericanos - |x Derechos | ||
| 650 | |a Militares Norteamericanos | ||
| 650 | |a Políticos Norteamericanos | ||
| 650 | |a Fuerzas Armadas - |z EUA - |x Historia - |y 1989-1993 | ||
| 650 | |a Fuerzas Armadas - |z EUA - |x Historia - |y Siglo XX | ||
| 650 | |a Servicios Médicos y de Salud - |z EUA | ||
| 650 | |a Guerra del Golfo Pérsico, 1991 | ||
| 650 | |a Política Exterior - |z EUA - |x Historia - |y 1989-1993 | ||
| 650 | |a Política Exterior - |z EUA - |x Historia - |y Siglo XX | ||
| 650 | |a Política - |z EUA - |x Historia - |y 1989-1993 | ||
| 650 | |a Política - |z EUA - |x Historia - |y 1969-1974 | ||
| 650 | |a Política - |z EUA - |x Historia - |y Siglo XX | ||
| 910 | |a Fondo General | ||
| 920 | |a Impresos - Libros | ||
| 930 | |a Colección General | ||
| 905 | |a 101 | ||
| 901 | |a 0500122977 |b IT1 |c ACC |u 20250521 | ||
| 902 | |a https://opac.biblio.iteso.mx/vufind/Record/000182974 | ||